000
00205 a2200109 4500
020
_a
9780618050765
041
_a
spa
100
_a
Marshall, James
245
_a
Jorge y Martha
942
_c
BK
952
_7
1
999
_c
19623
_d
19623